| 000 | 00351cam a2200145ua 4500 | ||
|---|---|---|---|
| 041 |
_aeng _h |
||
| 082 |
_a338 _bBOS/NO |
||
| 100 | _aBose, H.N . | ||
| 245 |
_aNotes on Industrial Economics and managements / _cBose. _hTextual Documents |
||
| 260 |
_a : _bcermaric , _c1954. |
||
| 300 | _a188 ; . | ||
| 504 | _a | ||
| 942 | _cBK | ||
| 999 |
_c11904 _d11904 |
||